| 000 | 00358nam a2200133 i 4500 | ||
|---|---|---|---|
| 001 | bg | ||
| 100 | 1 | _aOBRĘBSKI, Jan Bogdan | |
| 245 | 0 |
_aAnaliza i synteza numeryczna wielkich układów konstrukcyjnych / _cJan Bogdan Obrębski. |
|
| 260 |
_aWarszawa, _c1979. |
||
| 040 | _cBPK | ||
| 041 | _apol | ||
| 942 | _cKS | ||
| 008 | s pl f |000 0 pol | ||
| 999 |
_c21302 _d21302 |
||
| 856 |
_uhttp://koha.tu.koszalin.pl/cgi-bin/koha/opac-detail.pl?biblionumber=21302 _yKatalog online BPK |
||